Оптимизация режимов работы цилиндров низкого давления мощных теплофикационных турбин: сборник научных трудов

Bibliografiske detaljer
Institution som forfatter: Всесоюзный теплотехнический научно-исследовательский институт им. Ф. Э. Дзержинского (ВТИ)
Andre forfattere: Куличихин В. В. (редактор)
Sprog:russisk
Udgivet: Москва, Энергоатомиздат, 1989
Fag:
Format: MixedMaterials Bog
KOHA link:https://koha.lib.tpu.ru/cgi-bin/koha/opac-detail.pl?biblionumber=254531

MARC

LEADER 00000nam0a2200000 4500
001 254531
005 20231101232938.0
010 |a 5283020401 
035 |a (RuTPU)RU\TPU\book\277011 
090 |a 254531 
100 |a 20140321d1989 k y0rusy50 ca 
101 0 |a rus 
102 |a RU 
105 |a a z 001zy 
200 1 |a Оптимизация режимов работы цилиндров низкого давления мощных теплофикационных турбин  |e сборник научных трудов  |f Всесоюзный теплотехнический научно-исследовательский институт им. Ф. Э. Дзержинского (ВТИ) ; под ред. В. В. Куличихина 
210 |a Москва  |c Энергоатомиздат  |d 1989 
215 |a 103 с.  |c ил. 
320 |a Библиография в конце статей 
606 1 |a Теплофикационные турбины  |2 stltpush  |3 (RuTPU)RU\TPU\subj\59819  |9 77316 
610 1 |a цилиндры 
610 1 |a тепловые схемы 
610 1 |a эксплуатация 
610 1 |a конструктивные решения 
610 1 |a схемные решения 
610 1 |a режимные факторы 
675 |a 621.165-2  |v 3 
702 1 |a Куличихин  |b В. В.  |4 340 
712 0 2 |a Всесоюзный теплотехнический научно-исследовательский институт им. Ф. Э. Дзержинского (ВТИ)  |c (Москва)  |c (1943-1991)  |2 stltpush  |3 (RuTPU)RU\TPU\col\3001 
801 1 |a RU  |b 63413507  |c 20140321 
801 2 |a RU  |b 63413507  |c 20140411  |g RCR 
942 |c BK